| 000 | 00412nam a2200121 a 4500 | ||
|---|---|---|---|
| 008 | 120416s9999 ||||||||||||||||| || u | ||
| 050 | _aTHESIS | ||
| 100 | _aSinkamba, Sam | ||
| 245 | 1 | 4 | _aThe practice and problems of merchant banking in Zambia |
| 260 | _a2002 | ||
| 350 | _a0.00 | ||
| 995 |
_D0.00 _FCBU-MAIN LIBRARY (Kitwe) _H1 _I0.00 _UAVAILABLE _ZUniversity Collection |
||
| 999 |
_c54311 _d54311 |
||